The security myth: punishing immigrants in the name of national security /
Enregistré dans:
| Auteur principal: | |
|---|---|
| Format: | Livre |
| Langue: | Spanish |
| Tags: |
Ajouter un tag
Pas de tags, Soyez le premier à ajouter un tag!
|
MARC
| LEADER | 00000nam a22000007a 4500 | ||
|---|---|---|---|
| 003 | cru CIDCACS/IIS | ||
| 005 | 20180321151358.0 | ||
| 007 | ta | ||
| 008 | 180321t2013 cau|||||r|||||||| ||spa|d | ||
| 999 | |c 41171 |d 41171 | ||
| 040 | |c cru CIDCACS/IIS | ||
| 100 | 1 | |9 6825 |a Chacón, Jennifer M. | |
| 245 | 1 | 4 | |a The security myth: |b punishing immigrants in the name of national security / |c Jennifer M. Chacón |
| 300 | |a páginas 77-93 | ||
| 773 | 0 | |0 41168 |9 1911 |a Dowling, Julie A. |d Stanford, California: Stanford University Press, 2013 |o 18410 |t Governing immigration through crime: |z 9780804778817 | |
| 942 | |2 ddc |c LI | ||



